000 00325nam a2200121Ia 4500
008 220120s9999||||xx |||||||||||||| ||und||
020 _a9788122420081
100 _aBasavaraju, S.B
245 0 _aEngineering physics
260 _aSubhas
_bNew Delhi
_c2007
300 _axiii;895
_b425
650 _aELECTRONICS AND COMMUNICATIONS
999 _c132506
_d132506